[Event "Coro op"]
[Site "Coro"]
[Date "2019.07.20"]
[Round "4"]
[White "Hernandez Carneiro, Jose Luis"]
[Black "Abiad Parra, Carlos Jose"]
[Result "0-1"]
[WhiteElo "1776"]
[BlackElo "2176"]
[PlyCount "48"]
[EventDate "2019.07.19"]
[EventType "swiss"]
[EventRounds "6"]
[EventCountry "VEN"]
[SourceTitle "EXT 2020"]
[Source "ChessBase"]
[SourceDate "2019.10.17"]
[SourceVersion "1"]
[SourceVersionDate "2019.10.17"]
[SourceQuality "1"]

1. Nf3 c5 2. b3 d5 3. Bb2 Nc6 4. e3 a6 5. Be2 d4 6. a4 e5 7. exd4 cxd4 8. Bc4 Bd6 9. Qe2 Qe7 10. d3 Nf6 11. Ng5 0-0 12. Ne4 Nxe4 13. dxe4 Qg5 14. 0-0 Kh8 15. Kh1 f5 16. Nd2 f4 17. c3 dxc3 18. Bxc3 Rf6 19. Nf3 Qh5 20. Ng1 f3 21. Qe3 fxg2+ 22. Kxg2 Rg6+ 23. Kh1 Bc5 24. Qxc5 Bh3 0-1

[Event "Valera FVA 82nd Anniv"]
[Site "Valera"]
[Date "2017.12.15"]
[Round "6"]
[White "Abiad Parra, Carlos Jose"]
[Black "Rodriguez Rodriguez, Humberto Jose"]
[Result "1-0"]
[WhiteElo "2123"]
[BlackElo "1849"]
[PlyCount "27"]
[EventDate "2017.12.13"]
[EventType "swiss"]
[EventRounds "7"]
[EventCountry "VEN"]
[SourceTitle "CBM 182 Extra"]
[Source "ChessBase"]
[SourceDate "2018.02.23"]
[SourceVersion "1"]
[SourceVersionDate "2018.02.23"]
[SourceQuality "1"]

1. e4 c5 2. Nf3 Nc6 3. Bb5 d6 4. 0-0 Bd7 5. Re1 e6 6. c3 Nf6 7. d4 Qc7 8. Bg5 Be7 9. d5 Nb8 10. a4 a6 11. Bc4 h5 12. Nbd2 0-0 13. h3 Bd8 14. Nf1 1-0

[Event "Coro Barajas Memorial U2200 1st"]
[Site "Coro"]
[Date "2016.10.16"]
[Round "6.2"]
[White "Abiad Parra, Carlos Jose"]
[Black "Gauna Quiroz, Jaiso Josuel"]
[Result "1-0"]
[WhiteElo "2116"]
[BlackElo "2019"]
[PlyCount "138"]
[EventDate "2016.10.13"]
[EventType "swiss"]
[EventRounds "6"]
[EventCountry "VEN"]
[SourceTitle "EXT 2022"]
[Source "ChessBase"]
[SourceDate "2021.10.06"]
[SourceVersion "1"]
[SourceVersionDate "2021.10.06"]
[SourceQuality "1"]

1. e4 e6 2. d4 d5 3. Nc3 Nf6 4. e5 Nfd7 5. f4 c5 6. Nce2 Nc6 7. c3 Qb6 8. Nf3 Be7 9. g3 0-0 10. Bh3 f5 11. 0-0 Qd8 12. Kh1 h5 13. Be3 b6 14. Rg1 Ba6 15. Bf1 g6 16. h3 Kg7 17. Bf2 Qc7 18. Rc1 Rh8 19. b3 Bb7 20. Bg2 Na5 21. Ne1 c4 22. Kh2 b5 23. Rb1 Nb6 24. Nc2 a6 25. Bf3 Rac8 26. Qf1 Kf7 27. Qg2 Rcg8 28. Be3 Qd7 29. Qf2 Qc7 30. Kg2 Rh6 31. Kf1 Rgh8 32. Bc1 Qc8 33. Bd2 Qc7 34. Rh1 Qc8 35. Kg1 Qg8 36. Ne1 Qf8 37. Bg2 Qd8 38. Nf3 Bc8 39. Qe3 Qc7 40. Ng5+ Kg7 41. g4 hxg4 42. hxg4 Rxh1+ 43. Bxh1 Rh4 44. gxf5 gxf5 45. Kf2 Qd8 46. Rg1 Bxg5 47. Rxg5+ Kf7 48. b4 Nc6 49. Qg3 Qh8 50. Bg2 Ne7 51. Ng1 Nd7 52. Nf3 Rh7 53. Be1 Nf8 54. Ke2 Rh6 55. Qf2 Nfg6 56. Ke3 Bd7 57. Rg3 Rh2 58. Ng5+ Kf8 59. Nh3 Nh4 60. Ng5 Qh5 61. Qg1 Nxg2+ 62. Rxg2 Rh1 63. Qf2 Qd1 64. Bd2 Qb1 65. Qe2 Ng8 66. Kf2 Ke7 67. Nf3 Kf7 68. Ng5+ Ke7 69. Nf3 Kf7 1-0

[Event "VEN-ch U18"]
[Site "San Antonio de los Altos"]
[Date "2016.04.03"]
[Round "6"]
[White "Abiad Parra, Carlos Jose"]
[Black "Pereira Perez, Raul Alejandro"]
[Result "0-1"]
[WhiteElo "2023"]
[BlackElo "1968"]
[PlyCount "170"]
[EventDate "2016.04.01"]
[EventType "swiss"]
[EventRounds "7"]
[EventCountry "VEN"]
[SourceTitle "EXT 2018"]
[Source "ChessBase"]
[SourceDate "2017.10.13"]
[SourceVersion "1"]
[SourceVersionDate "2017.10.13"]
[SourceQuality "1"]

1. e4 e6 2. d4 d5 3. e5 c5 4. c3 Nc6 5. Nf3 Qb6 6. a3 Nh6 7. b4 cxd4 8. cxd4 Nf5 9. Be3 Be7 10. Bd3 0-0 11. Nc3 Nxe3 12. fxe3 f6 13. exf6 Bxf6 14. Na4 Qd8 15. Qc2 g6 16. 0-0 e5 17. Bxg6 e4 18. Bxe4 dxe4 19. Qxe4 Qe7 20. Qd3 Bg4 21. Rae1 Rad8 22. Nc5 Kh8 23. Kh1 Rfe8 24. Qd2 Bxf3 25. gxf3 Bh4 26. Rd1 Qxe3 27. Qxe3 Rxe3 28. d5 Ne7 29. d6 Nf5 30. Nxb7 Rd7 31. Rd5 Rxb7 32. Rxf5 Re8 33. Kg2 Rd7 34. Kh3 Bd8 35. Rd1 Re6 36. Rfd5 Rg7 37. Rh5 Re3 38. Rf5 Kg8 39. a4 Re6 40. Rh5 Rf6 41. Rd3 Kf8 42. a5 Ke8 43. d7+ Ke7 44. Rh4 Rd6 45. Re4+ Kxd7 46. Rxd6+ Kxd6 47. Rd4+ Ke7 48. Rc4 Kd7 49. f4 Ke6 50. Rc5 Bc7 51. f5+ Kf6 52. Rb5 Be5 53. Rc5 Kxf5 54. b5 Ke6 55. Rc6+ Kd5 56. Ra6 Kc5 57. b6 axb6 58. axb6 Bb8 59. Kh4 Kb5 60. Ra8 Rb7 61. Kh5 Rxb6 62. h4 Kc5 63. Ra5+ Kd4 64. Rg5 Be5 65. Rg4+ Ke3 66. Rg5 Bf4 67. Rg7 h6 68. Kg4 Ke4 69. Re7+ Be5 70. Kh5 Rf6 71. Rh7 Bf4 72. Re7+ Kf3 73. Re6 Rf5+ 74. Kg6 Kg4 75. Re4 h5 76. Rd4 Ra5 77. Rc4 Ra6+ 78. Kg7 Kg3 79. Rc3+ Kg4 80. Rc4 Kf5 81. Rc5+ Kg4 82. Rc4 Rb6 83. Kf7 Kg3 84. Ra4 Be3 85. Ra3 Kxh4 0-1

[Event "Caracas FVA 80th Ann"]
[Site "Caracas"]
[Date "2015.12.18"]
[Round "5"]
[White "Abiad Parra, Carlos Jose"]
[Black "Tortolero Hernandez, Cesar Aug"]
[Result "0-1"]
[WhiteElo "2044"]
[BlackElo "1927"]
[PlyCount "58"]
[EventDate "2015.12.16"]
[EventType "swiss"]
[EventRounds "8"]
[EventCountry "VEN"]
[SourceTitle "EXT 2018"]
[Source "ChessBase"]
[SourceDate "2017.10.13"]
[SourceVersion "1"]
[SourceVersionDate "2017.10.13"]
[SourceQuality "1"]

1. e4 c5 2. Nf3 Nc6 3. Bb5 g6 4. Bxc6 dxc6 5. 0-0 Bg7 6. d3 e5 7. Nc3 Qc7 8. h3 Nf6 9. Be3 b6 10. a4 Nd7 11. Qd2 a5 12. Nh2 0-0 13. f4 exf4 14. Bxf4 Ne5 15. b3 Qe7 16. Rad1 Rd8 17. Nf3 Nxf3+ 18. Rxf3 Re8 19. Rdf1 Be6 20. Bg5 Bxc3 21. Qf4 f6 22. Bh6 Be5 23. Qh4 Ra7 24. g4 Qd6 25. g5 Qd4+ 26. Kh1 f5 27. Qe1 Rf7 28. c3 Qxc3 29. Qe2 Qb2 0-1

[Event "Caracas FVA 80th Ann"]
[Site "Caracas"]
[Date "2015.12.17"]
[Round "4"]
[White "Acosta Villarroel, Lorner Justus"]
[Black "Abiad Parra, Carlos Jose"]
[Result "1/2-1/2"]
[WhiteElo "2235"]
[BlackElo "2044"]
[PlyCount "91"]
[EventDate "2015.12.16"]
[EventType "swiss"]
[EventRounds "8"]
[EventCountry "VEN"]
[SourceTitle "EXT 2018"]
[Source "ChessBase"]
[SourceDate "2017.10.13"]
[SourceVersion "1"]
[SourceVersionDate "2017.10.13"]
[SourceQuality "1"]

1. d4 Nf6 2. Bg5 Ne4 3. Bf4 d5 4. Nd2 Bf5 5. c3 e6 6. e3 c5 7. Bxb8 Qxb8 8. Nxe4 Bxe4 9. Qa4+ Kd8 10. dxc5 Bxc5 11. Rd1 Ke7 12. Ne2 Rd8 13. Ng3 Bg6 14. h4 h6 15. h5 Bh7 16. Bd3 Bxd3 17. Rxd3 Kf8 18. 0-0 Qe5 19. Rfd1 Rdc8 20. Re1 Qg5 21. e4 dxe4 22. Qxe4 Rc7 23. Qh7 Re8 24. Ne4 Qe5 25. b4 Bb6 26. Rdd1 Ke7 27. a4 a6 28. a5 Ba7 29. Nd6 Qf4 30. Qc2 Rb8 31. c4 Kf8 32. Re4 Qg5 33. Qe2 Rd8 34. c5 Rcd7 35. Re1 Bb8 36. Nc4 Rd4 37. g3 R8d5 38. Kg2 Rd3 39. Ne3 Rd2 40. Qf3 R5d3 41. Re2 Rxe2 42. Qxe2 Rb3 43. Rg4 Qf6 44. Qf3 Qxf3+ 45. Kxf3 Be5 46. Rc4 1/2-1/2

[Event "Central America-ch U18 4th"]
[Site "Armenia"]
[Date "2013.11.05"]
[Round "3"]
[White "Granados Ortiz, Fidel"]
[Black "Abiad Parra, Carlos Jose"]
[Result "1/2-1/2"]
[WhiteElo "1751"]
[BlackElo "1904"]
[PlyCount "112"]
[EventDate "2013.11.05"]
[EventType "swiss"]
[EventRounds "6"]
[EventCountry "COL"]
[SourceTitle "EXT 2016"]
[Source "ChessBase"]
[SourceDate "2015.10.08"]
[SourceVersion "1"]
[SourceVersionDate "2015.10.08"]
[SourceQuality "1"]

1. e4 c5 2. Nf3 g6 3. d4 cxd4 4. Nxd4 Nc6 5. Nc3 Bg7 6. Be3 Nf6 7. Bc4 0-0 8. 0-0 Ng4 9. Nxc6 dxc6 10. Qxd8 Rxd8 11. Bf4 e5 12. Bg3 Rd4 13. Bb3 b6 14. h3 Nh6 15. Rad1 Ba6 16. Rfe1 Rad8 17. f3 Kf8 18. Bf2 R4d7 19. Rxd7 Rxd7 20. Rd1 Ke7 21. Ba4 Rxd1+ 22. Nxd1 Kd6 23. Ne3 f5 24. exf5 Nxf5 25. Nxf5+ gxf5 26. Bb3 c5 27. Bg8 h6 28. Be3 Bb5 29. c4 Bd7 30. Kf2 a6 31. g4 f4 32. Bc1 Bf6 33. Ke2 Bc6 34. Bh7 b5 35. Bd3 Bg5 36. Bd2 Kc7 37. a3 Kd6 38. b4 bxc4 39. Bxc4 Bb5 40. Bxb5 axb5 41. Kd3 cxb4 42. Bxb4+ Kd5 43. Bf8 Bf6 44. Bxh6 Be7 45. g5 Bxa3 46. g6 Ke6 47. h4 b4 48. Bf8 Kf6 49. h5 Bb2 50. Bxb4 Kg5 51. g7 e4+ 52. Kxe4 Bxg7 53. Bd6 Kxh5 54. Bxf4 Kg6 55. Be5 Bh6 56. f4 Bxf4 1/2-1/2